000 00842nas a2200277 4500
001 BR2010005961
003 BR-BrBNA
005 20231205114813.0
007 ta
008 230509b bl.|||p| |||| 00| 00por d
040 _aBR-BrBNA
_bpor
_cBiblioteca Nacional de Agricultura
041 _a(En)
072 _aF01
100 1 _aBlank, A.
100 1 _aCosta, A.S. da
100 1 _aArrigoni-Blank, m. de F.
100 1 _aMendonça, A.B. de
100 1 _aLedo, A. da S.
245 1 _aIn vitro establishment of pepper-rosmarin nodal segments
650 _aPLANTA MEDICINAL
650 _aMICROPROPAGAÇÃO
650 _aREGULADOR DE CRESCIMENTO
773 0 _tHorticultura Brasileira (Brazil)
_xISSN 0102-0536
_g(Apr-Jun 2008), v. 26(2) p. 255-258
_wBR2010005961
909 _a202311
_bLúcia
_c55
_dLúcia Elande
942 _2AGRIS
_n0
_cANA
999 _c210578
_d210578